<?xml version="1.0" encoding="UTF-8"?>
<collection xmlns="http://www.loc.gov/MARC21/slim">
<record>
  <controlfield tag="001">130264</controlfield>
  <controlfield tag="005">20240124152850.0</controlfield>
  <datafield tag="024" ind1="7" ind2=" ">
    <subfield code="2">doi</subfield>
    <subfield code="a">10.1097/TP.0000000000000050</subfield>
  </datafield>
  <datafield tag="024" ind1="8" ind2=" ">
    <subfield code="2">sideral</subfield>
    <subfield code="a">85812</subfield>
  </datafield>
  <datafield tag="037" ind1=" " ind2=" ">
    <subfield code="a">ART-2014-85812</subfield>
  </datafield>
  <datafield tag="041" ind1=" " ind2=" ">
    <subfield code="a">eng</subfield>
  </datafield>
  <datafield tag="100" ind1=" " ind2=" ">
    <subfield code="a">García-Gil, Francisco A</subfield>
  </datafield>
  <datafield tag="245" ind1=" " ind2=" ">
    <subfield code="a">Evaluation of Institut Georges Lopez-1 preservation solution in pig pancreas transplantation: a pilot study</subfield>
  </datafield>
  <datafield tag="260" ind1=" " ind2=" ">
    <subfield code="c">2014</subfield>
  </datafield>
  <datafield tag="520" ind1="3" ind2=" ">
    <subfield code="a">Background. Institut Georges Lopez-1 preservation solution (IGL-1) is an emerging extracellular-type electrolyte solution, low in viscosity, containing polyethylene glycol 35 as a colloid. Although IGL-1 has shown beneficial outcomes in kidney and liver preservation, this pilot study is the first to evaluate the efficacy of IGL-1 in pancreas transplantation (PT) compared with the University of Wisconsin solution (UW)
Methods. Sixteen Landrace pigs underwent allogeneic PT with 16 hr of cold ischemia. Grafts were preserved with IGL-1 (n=8) or UW (n=8). No immunosuppression was administered. We analyzed graft function, the acute-phase response, and oxidative stress in the pancreatic graft monitoring membrane fluidity and lipid peroxidation@@@Results. All eight grafts with IGL-1, but only six with UW, were functioning. Graft failures with UW resulted from graft thrombosis. There were no differences between the two solutions in the number of normoglycemic days (IGL-1: 11.5T6.2 versus UW: 8.5T4.4 days, P=0.1357), nor in lipid peroxidation during 16-hr cold ischemia (P=0.672), or reperfusion (P=0.185), but IGL-1 prevented changes in membrane fluidity after reperfusion when compared with UW (P=0.026)
Conclusion. IGL-1 offered the same degree of safety and effectiveness as UW in our model of pig PT with 16 hr of cold ischemia.</subfield>
  </datafield>
  <datafield tag="536" ind1=" " ind2=" ">
    <subfield code="9">info:eu-repo/grantAgreement/ES/MICINN/ISCIII-PI10-2877</subfield>
    <subfield code="9">info:eu-repo/grantAgreement/ES/MICINN/ISCIII-RD06-0013-1017</subfield>
  </datafield>
  <datafield tag="540" ind1=" " ind2=" ">
    <subfield code="9">info:eu-repo/semantics/closedAccess</subfield>
    <subfield code="a">All rights reserved</subfield>
    <subfield code="u">http://www.europeana.eu/rights/rr-f/</subfield>
  </datafield>
  <datafield tag="590" ind1=" " ind2=" ">
    <subfield code="a">3.828</subfield>
    <subfield code="b">2014</subfield>
  </datafield>
  <datafield tag="591" ind1=" " ind2=" ">
    <subfield code="a">SURGERY</subfield>
    <subfield code="b">17 / 196 = 0.087</subfield>
    <subfield code="c">2014</subfield>
    <subfield code="d">Q1</subfield>
    <subfield code="e">T1</subfield>
  </datafield>
  <datafield tag="591" ind1=" " ind2=" ">
    <subfield code="a">TRANSPLANTATION</subfield>
    <subfield code="b">4 / 25 = 0.16</subfield>
    <subfield code="c">2014</subfield>
    <subfield code="d">Q1</subfield>
    <subfield code="e">T1</subfield>
  </datafield>
  <datafield tag="591" ind1=" " ind2=" ">
    <subfield code="a">IMMUNOLOGY</subfield>
    <subfield code="b">43 / 147 = 0.293</subfield>
    <subfield code="c">2014</subfield>
    <subfield code="d">Q2</subfield>
    <subfield code="e">T1</subfield>
  </datafield>
  <datafield tag="655" ind1=" " ind2="4">
    <subfield code="a">info:eu-repo/semantics/article</subfield>
    <subfield code="v">info:eu-repo/semantics/publishedVersion</subfield>
  </datafield>
  <datafield tag="700" ind1=" " ind2=" ">
    <subfield code="a">Fuentes-Broto, Lorena</subfield>
    <subfield code="u">Universidad de Zaragoza</subfield>
    <subfield code="0">(orcid)0000-0003-2656-6750</subfield>
  </datafield>
  <datafield tag="700" ind1=" " ind2=" ">
    <subfield code="a">Albendea, Carlos D.</subfield>
  </datafield>
  <datafield tag="700" ind1=" " ind2=" ">
    <subfield code="a">Serrano, María Trinidad</subfield>
    <subfield code="u">Universidad de Zaragoza</subfield>
    <subfield code="0">(orcid)0000-0002-7119-2244</subfield>
  </datafield>
  <datafield tag="700" ind1=" " ind2=" ">
    <subfield code="a">Roselló-Catafau, Joan</subfield>
  </datafield>
  <datafield tag="700" ind1=" " ind2=" ">
    <subfield code="a">Lampreave, Fermín</subfield>
  </datafield>
  <datafield tag="700" ind1=" " ind2=" ">
    <subfield code="a">López-Pingarrón, Laura</subfield>
  </datafield>
  <datafield tag="700" ind1=" " ind2=" ">
    <subfield code="a">Escartín, Jorge</subfield>
  </datafield>
  <datafield tag="700" ind1=" " ind2=" ">
    <subfield code="a">Soria, Joaquín</subfield>
  </datafield>
  <datafield tag="700" ind1=" " ind2=" ">
    <subfield code="a">Garcia, ,Joaquín J</subfield>
  </datafield>
  <datafield tag="700" ind1=" " ind2=" ">
    <subfield code="a">Fernández-Cruz, Laureano</subfield>
  </datafield>
  <datafield tag="710" ind1="2" ind2=" ">
    <subfield code="1">1005</subfield>
    <subfield code="2">410</subfield>
    <subfield code="a">Universidad de Zaragoza</subfield>
    <subfield code="b">Dpto. Farmacología y Fisiolog.</subfield>
    <subfield code="c">Área Fisiología</subfield>
  </datafield>
  <datafield tag="710" ind1="2" ind2=" ">
    <subfield code="1">1007</subfield>
    <subfield code="2">610</subfield>
    <subfield code="a">Universidad de Zaragoza</subfield>
    <subfield code="b">Dpto. Medicina, Psiqu. y Derm.</subfield>
    <subfield code="c">Area Medicina</subfield>
  </datafield>
  <datafield tag="773" ind1=" " ind2=" ">
    <subfield code="g">97, 9 (2014), 901-907</subfield>
    <subfield code="p">Transplantation</subfield>
    <subfield code="t">Transplantation</subfield>
    <subfield code="x">0041-1337</subfield>
  </datafield>
  <datafield tag="856" ind1="4" ind2=" ">
    <subfield code="s">951700</subfield>
    <subfield code="u">http://zaguan.unizar.es/record/130264/files/texto_completo.pdf</subfield>
    <subfield code="y">Versión publicada</subfield>
  </datafield>
  <datafield tag="856" ind1="4" ind2=" ">
    <subfield code="s">2754260</subfield>
    <subfield code="u">http://zaguan.unizar.es/record/130264/files/texto_completo.jpg?subformat=icon</subfield>
    <subfield code="x">icon</subfield>
    <subfield code="y">Versión publicada</subfield>
  </datafield>
  <datafield tag="909" ind1="C" ind2="O">
    <subfield code="o">oai:zaguan.unizar.es:130264</subfield>
    <subfield code="p">articulos</subfield>
    <subfield code="p">driver</subfield>
  </datafield>
  <datafield tag="951" ind1=" " ind2=" ">
    <subfield code="a">2024-01-24-14:58:02</subfield>
  </datafield>
  <datafield tag="980" ind1=" " ind2=" ">
    <subfield code="a">ARTICLE</subfield>
  </datafield>
</record>
</collection>